Automotive Air Conditioning (Record no. 303602)

MARC details
000 -LEADER
fixed length control field 00411nam a2200169Ia 4500
008 - FIXED-LENGTH DATA ELEMENTS--GENERAL INFORMATION
fixed length control field 230718s9999 xx 000 0 und d
041 ## - LANGUAGE CODE
Language code of text/sound track or separate title eng
082 ## - DEWEY DECIMAL CLASSIFICATION NUMBER
Classification number 629.2'77
Item number DWI
100 ## - MAIN ENTRY--PERSONAL NAME
Personal name Dwiggins B.H.
9 (RLIN) 155183
245 ## - TITLE STATEMENT
Title Automotive Air Conditioning
250 ## - EDITION STATEMENT
Edition statement 4th ed.
260 ## - PUBLICATION, DISTRIBUTION, ETC. (IMPRINT)
Date of publication, distribution, etc. 1978
Name of publisher, distributor, etc. Delmar Publishers Inc.
300 ## - PHYSICAL DESCRIPTION
Extent 408
365 ## - TRADE PRICE
Currency code Rs.
700 ## - ADDED ENTRY--PERSONAL NAME
Personal name Dwiggins B.H.
9 (RLIN) 155183
906 ## - LOCAL DATA ELEMENT F, LDF (RLIN)
c MECH
Holdings
Withdrawn status Lost status Damaged status Not for loan Home library Current library Date acquired Vendor Budget Code Total Checkouts Full call number Barcode Date last seen Date last checked out Bill Date Koha item type Original Barcode
        Cummins College of Engineering for Women Pune Cummins College of Engineering for Women Pune 10/06/2002 Masurkar Enterprises MECH 2 629.2'77 CCEP-BK-14809 07/03/2025 21/02/2025 18/07/2023 Books 014809